00355 2200145 4500001002100000005001500021035002000036245005500056100002800111300001200139260002400151082000800175084001400183990001200197INLIS00000000000208220250527095505 a0010-05250003741 aKamus Biologi Bergambar /cRintis Novi Jayanti Phd0 aRintis Novi Jayanti Phd a126 hlm aJakarta :bErlangga a570 a570 RIN k a0713117